Computers in libraries
| Previous Title: | Small computers in libraries Systems librarian & automation review Small computers in libraries. Buyer's guide & consultant directory Internet @ schools |
|---|---|
| Format: | Electronic Journal |
| Language: | English |
| Published: |
Westport, CT :
Meckler,
©1988-
Medford, NJ : Information Today, Inc. |
| Subjects: | |
| Online Access: | Full text available from Research Library: 01/01/1994 to present |
MARC
| LEADER | 00000nas a2200000 a 4500 | ||
|---|---|---|---|
| 001 | ssj0002516 | ||
| 003 | WaSeSS | ||
| 005 | 20200512172242.0 | ||
| 006 | m d | ||
| 007 | cr n | ||
| 008 | 881206c19899999njumn p s 0 a0eng c | ||
| 010 | |a 89641907 |z sn 88003549 | ||
| 016 | |a (AMICUS)000008592987 | ||
| 016 | 7 | |a 015654303 |2 DE-101 | |
| 016 | 7 | |a 1033065-3 |2 DE-600 | |
| 016 | 7 | |a 9884373 |2 DNLM | |
| 016 | 7 | |a SR0066374 |2 DNLM | |
| 016 | 7 | |a 012403477 |2 Uk | |
| 022 | |l 1041-7915 |y 1041-7915 | ||
| 030 | |a CPLIE8 | ||
| 032 | |a 730510 |b USPS | ||
| 035 | |a (WaSeSS)ssj0002516 | ||
| 040 | |a NSD |b eng |c NSD |d NYG |d HUL |d COO |d HUL |d DLC |d NST |d DLC |d OCL |d DLC |d NST |d EYM |d IUL |d OCL |d NST |d HUL |d NSD |d IUL |d AGL |d NST |d MYG |d NST |d CAS |d NST |d DLC |d MXC |d NSD |d SYS |d GUA |d NLM |d OCLCQ |d DLC |d OCLCQ |d NLGGC |d LVB |d NYDWH |d UQ1 |d DLC |d OCLCQ |d GBVCP |d UKMGB |d DLC |d OCLCQ |d OCLCF |d OCLCO |d EUW |d OCLCO |d OCLCQ |d OCLCO |d PHUST |d OCLCO |d GRR |d OCLCQ |d CSJ |d NLC |d OCLCO |d OCLCA |d OCLCQ |d CAI |d GUA |d UMC |d CPO |d OCLCQ |d CNO |d OCLCA |d UKNRU |d UKBTH |d OCLCQ |d HUL |d WaSeSS | ||
| 042 | |a nsdp |a pcc | ||
| 050 | 0 | 0 | |a Z678.9.A1 |b S6 |
| 070 | 0 | |a Z678.9.A1S53 | |
| 072 | 0 | |a X200 | |
| 082 | 0 | 0 | |a 025.30285/416 |2 20 |
| 210 | 0 | |a Comput. libr. | |
| 222 | 0 | |a Computers in libraries | |
| 245 | 0 | 0 | |a Computers in libraries |h [electronic resource]. |
| 260 | |3 1989- : |a Westport, CT : |b Meckler, |c ©1988- | ||
| 260 | 3 | |3 <Dec. 2011> : |a Medford, NJ : |b Information Today, Inc. | |
| 310 | |a 10 no. a year, |b 1993- | ||
| 321 | |a Monthly (except for a combined issue in July/Aug.), |b 1989-1992 | ||
| 362 | 0 | |a Vol. 9, no. 1 (Jan. 1989)- | |
| 500 | |a Title from cover. | ||
| 500 | |a Includes special editorial sections: Internet librarian; and: CD-ROM librarian, <Nov./Dec. 1996-> | ||
| 506 | |a License restrictions may limit access. | ||
| 588 | |a Latest issue consulted: Vol. 38, no. 1 (Jan./Feb. 2018). | ||
| 650 | 0 | |a Libraries |x Automation |v Periodicals. | |
| 650 | 0 | |a Library science |x Computer programs |v Periodicals. | |
| 650 | 0 | |a Minicomputers |v Periodicals. | |
| 650 | 0 | |a Information technology |v Periodicals. | |
| 650 | 4 | |a Information systems |x Periodicals. | |
| 650 | 4 | |a Information technology |x Periodicals. | |
| 650 | 4 | |a Libraries |x Automation |x Periodicals. | |
| 650 | 4 | |a Libraries |x Periodicals. | |
| 650 | 4 | |a Library science |x Computer program |x Periodicals. | |
| 650 | 4 | |a Minicomputers |x Periodicals. | |
| 650 | 6 | |a Bibliothèques |x Informatique |v Périodiques. | |
| 650 | 6 | |a Micro-ordinateurs |v Périodiques. | |
| 650 | 6 | |a Mini-ordinateurs |x Applications dans les bibliothèques |v Périodiques. | |
| 650 | 7 | |a Information technology. |2 fast |0 (OCoLC)fst00973089 | |
| 650 | 7 | |a Libraries |x Automation. |2 fast |0 (OCoLC)fst00997347 | |
| 650 | 7 | |a Library science |x Computer programs. |2 fast |0 (OCoLC)fst00997927 | |
| 650 | 7 | |a Minicomputers. |2 fast |0 (OCoLC)fst01022814 | |
| 650 | 1 | 7 | |a Computers. |2 gtt |
| 650 | 1 | 7 | |a Bibliotheken. |2 gtt |
| 650 | 7 | |a Automatisation. |2 rasuqam | |
| 650 | 7 | |a Bibliothèque. |2 rasuqam | |
| 650 | 7 | |a Micro-ordinateur. |2 rasuqam | |
| 650 | 1 | 7 | |a COMPUTER APPLICATIONS. |2 unbist |
| 650 | 1 | 7 | |a LIBRARY AUTOMATION. |2 unbist |
| 650 | 1 | 7 | |a LIBRARIES. |2 unbist |
| 650 | 1 | 7 | |a MICROCOMPUTERS. |2 unbist |
| 650 | 2 | |a Information Systems. | |
| 650 | 2 | |a Libraries. | |
| 653 | |a Information Studies | ||
| 655 | 0 | |a Electronic journals. | |
| 740 | 0 | 2 | |a Internet librarian. |
| 740 | 0 | 2 | |a CD-ROM librarian. |
| 780 | 0 | 0 | |t Small computers in libraries |x 0275-6722 |w (DLC) 84649849 |w (OCoLC)7208194 |
| 780 | 0 | 5 | |t Systems librarian & automation review |g June 1989 |x 0890-8354 |w (DLC)sn 86002554 |w (OCoLC)14473187 |
| 780 | 0 | 5 | |t Small computers in libraries. Buyer's guide & consultant directory |g 1989 |x 0896-9485 |w (DLC) 87658700 |w (OCoLC)16349013 |
| 780 | 0 | 5 | |t Internet @ schools |g Jan./Feb. 2018 |x 2156-843X |w (DLC) 2010200338 |w (OCoLC)654786944 |
| 850 | |a AAP |a AU |a ArU |a AzTeS |a CPT |a CSt |a CU-I |a CU-Riv |a CU-Riv |a CU-RivA |a CU-S |a CU-SB |a CaOONL |a CaOTU |a CoFS |a CoU |a DLC |a DNAL |a DNGA |a DeU |a GASU |a IC |a ICarbS |a INS |a IU-M |a IaAS |a IaU |a In |a InLP |a InU |a KMK |a KyU |a LU |a MH |a MCM |a MBU |a MH-Ed |a MH-Lm |a MdBJ |a MdU |a MiDW |a MiU |a MiU-L |a MnU |a MoKL |a MoSU |a MoSW-M |a MoU |a N |a NBC |a NBuU-SE |a NCH |a NIC |a NN |a NNC |a NRU |a NSyU |a NcD |a NdU |a NcRS |a NjP |a NjR |a OC |a OCU |a OU |a OrCS |a OrU |a PBL |a PPD |a PPiD |a RPB-S |a TU |a TxCM |a TxHMC |a ULA |a ViBlbV |a Wa |a WaU | ||
| 853 | 0 | 0 | |8 1 |a v. |b no. |u 11 |v r |i (year) |j (month) |w 11 |x 01 |y pm01,02,03,04,05,06,07/08,09,10,11,12 |
| 853 | 2 | 0 | |8 2 |a v. |b no. |u 10 |v r |i (year) |j (month) |w 10 |x 01 |y pm01,02,03,04,05,06,07/08,09,10,11/12 |
| 856 | 4 | 0 | |z Full text available from Research Library: 01/01/1994 to present |u https://search.proquest.com/publication/36749 |
| 863 | 4 | 0 | |8 1.1 |a 9 |b 1 |i 1989 |j 01 |
| 863 | 4 | 1 | |8 2.1 |a <22> |b <7> |i <2002> |j <07/08> |